50 Cent Songs - Sudden Death - Statistics

General Stats
  • This quiz has been taken 246 times
    114 since last reset
  • The average score is 9 of 19
Answers on the Grid
Answers color-coded by a green-red scale on the quiz's grid according to % correct below.
In da Club
21 Questions
Candy Shop
Still D.R.E.
Beautiful
Drop It Like It's Hot
Just a Lil Bit
P.I.M.P.
Let’s Get Blown
Vato
Signs
Gin and Juice
Holidae In
Murder Was the Case
Disco Inferno
The Next Episode
Window Shopper
Hustler's Ambition
If I Can’t
Stronger
Heat
Piggy Bank
Through the Wire
God Gave Me Style
Amusement Park
The Watcher
Talking to My Diary
Get Up
Smokin’ Me Out
Jesus Walks
Ski Mask Way
Position of Power
Let Me Ride
Gotta Make It to Heaven
California Love
Regulate
I Get Money
This D.J.
Straight to the Bank
 
Answer Stats
Answer % Correct
In da Club
88%
P.I.M.P.
86%
Candy Shop
80%
21 Questions
74%
Just a Lil Bit
68%
Window Shopper
62%
Disco Inferno
58%
If I Can’t
58%
I Get Money
52%
Hustler's Ambition
48%
God Gave Me Style
38%
Heat
33%
Straight to the Bank
30%
Gotta Make It to Heaven
29%
Piggy Bank
29%
Position of Power
23%
Get Up
21%
Ski Mask Way
20%
Amusement Park
14%
No matching quizzes found
Score Distribution
Percent of People with Each Score
Percentile by Number Answered
Your Score History
You have not taken this quiz since the last reset